Представление документа в формате MARC21

Поле Инд. ПП Название Значение
Тип записи a
Библиографический уровень m
001 Контрольный номер RU/IS/BASE/462371124
005 Дата корректировки 20251127155859.9
008 Кодируемые данные 20140826
020 a ISBN 9785090259965
084 a Индекс другой классификации/Индекс ББК 83.3(2=411.2)я721; 83.3(2=411.2)5я721; 83.3(2=411.2)6я721; 83.3(2=411.2)53я721; 83.3(0)я721
090 a Полочн. индекс 83.3(2=411.2)я721
x Авторский знак Л 642
100 1_ a Автор Коровина В. Я.
q Полное имя Коровина Вера Яновна
100 1_ a Автор Збарский И. С.
q Полное имя Збарский Исаак Семенович
100 1_ a Автор Коровин В. И.
q Полное имя Коровин Валентин Иванович
100 1_ a Автор Журавлев В. П.
q Полное имя Журавлев Виктор Петрович
245 10 a Заглавие Литература. 9 класс
b Продолж. заглавия учебник для общеобразовательных организаций с приложением на электронном носителе: в 2 ч.
c Ответственность под редакцией В. Я. Коровиной; редактор Л. Б. Миронова
n Номер части/ раздела Ч.2
260 a Место издания Москва
b Издательство Просвещение
c Дата издания 2014
300 a Объем 399 с.
b Иллюстрации/ тип воспроизводства ил.
336 a Термин вида содержания Текст
337 a Термин типа средства непосредственный
504 a Библиография Кр. словарь лит. терм.: с. 360-371. - Словарь имен: с. 372-377. - Лит. места России: с. 378-390
600 14 a Персоналии Толстой Лев Николаевич
a Персоналии Чехов Антон Павлович
a Персоналии Бунин Иван Алексеевич
a Персоналии Блок Александр Александрович
a Персоналии Есенин Сергей Александрович
a Персоналии Маяковский Владимир Владимирович
a Персоналии Булгаков Михаил Афанасьевич
a Персоналии Цветаева Марина Ивановна
a Персоналии Ахматова Анна Андреевна
a Персоналии Заболоцкий Николай Алексеевич
a Персоналии Шолохов Михаил Александрович
a Персоналии Пастернак Борис Леонидович
a Персоналии Твардовский Александр Трифонович
a Персоналии Солженицын Александр Исаевич
a Персоналии Баратынский (Боратынский) Евгений Абрамович
a Персоналии Тютчев Федор Иванович
a Персоналии Матусовский Михаил Львович
a Персоналии Катулл Гай Валерий
a Персоналии Квинт Гораций Флакк
a Персоналии Данте Алигьери
a Персоналии Шекспир Уильям
a Персоналии Гете Иоганн Вольфганг
650 04 a Основная рубрика история литературы
a Основная рубрика литературоведение
a Основная рубрика филологические науки
653 0_ a Ключевые слова "Бабушке"
a Ключевые слова "Божественная комедия"
a Ключевые слова "Матренин двор"
a Ключевые слова "Письмо к женщине"
a Ключевые слова "Подмосковные вечера"
a Ключевые слова "Смерть чиновника"
a Ключевые слова "Страна Муравия"
a Ключевые слова "Судьба человека"
a Ключевые слова "Темные аллеи"
a Ключевые слова "Тоска"
a Ключевые слова "Я убит подо Ржевом..."
a Ключевые слова XIX век
a Ключевые слова XX век
a Ключевые слова история русской литературы
a Ключевые слова литературные места
a Ключевые слова песни
a Ключевые слова романсы
a Ключевые слова Россия
a Ключевые слова русская литература
a Ключевые слова творчество
655 a Жанр/ форма (устаревшее) учебное пособие
700 12 a Автор Миронова Л. Б.
e Роль лиц редактор
787 18 w Контрольный номер связываемой записи RU/IS/BASE/365872659
901 t Тип документа m
952 a Тип литературы для КСУ ВШ УИ
954 a Гриф 1.1